000 00810nam a2200265 4500
003 OSt
005 20260530113857.0
008 260420b2000 spaa|||| |||| 00| 0 spa d
020 _a9688873713
040 _aICI
_bspa
_cICI
041 _aSPA
050 4 _aNA7110
_bE76
100 1 _aPaco Asencio
_931861
245 0 0 _aEspacios para vivir y trabajar /
_ced. Paco Asensio ; coord. ed. y texto Aurora Cuito
264 1 _bGustavo Gili,
_c2000
_aMéxico :
300 _a175 páginas
336 _atexto
_2rdacontent
337 _asin medio
_2rdamedia
338 _avolumen
_2rdacarrier
650 4 _aArquitectura doméstica
_931862
650 4 _aViviendas
_xDiseño y construcción
_931863
700 1 _aCuito, Aurora,
_eeditor
_931864
700 1 _aAsensio Cerver, Francisco,
_eeditor
_931865
942 _2lcc
_cBK
999 _c11660
_d11660